[Event "Cappelle Online Bullet op"]
[Site "Europe Echecs INT"]
[Date "2021.03.05"]
[Round "12"]
[White "Hauchard, Arnaud"]
[Black "Hille, Willian Henrique"]
[Result "0-1"]
[WhiteElo "2515"]
[BlackElo "2018"]
[PlyCount "89"]
[EventDate "2021.03.05"]
[EventType "swiss (blitz)"]
[EventRounds "15"]
[EventCountry "FRA"]
[SourceTitle "EXT 2022"]
[Source "ChessBase"]
[SourceDate "2021.10.06"]
[SourceVersion "1"]
[SourceVersionDate "2021.10.06"]
[SourceQuality "1"]

1. e4 c6 2. Nc3 d5 3. Nf3 dxe4 4. Nxe4 Nf6 5. Nxf6+ exf6 6. d4 Bd6 7. Bd3 0-0 8. 0-0 Re8 9. h3 Nd7 10. c3 Nf8 11. Bc2 Be6 12. Re1 Qc7 13. a4 Rad8 14. a5 a6 15. b4 Bc4 16. Nd2 Be6 17. Bd3 Ng6 18. Nc4 Bf8 19. Qc2 Bxc4 20. Bxc4 Rxe1+ 21. Bf1 Rde8 22. Bb2 Rxa1 23. Bxa1 Qf4 24. g3 Qf3 25. c4 Re1 26. Bc3 Rxf1+ 27. Kxf1 Qh1+ 28. Ke2 Qxh3 29. Qe4 Qe6 30. Kd3 f5 31. Qf3 f6 32. d5 cxd5 33. cxd5 Qd7 34. Kc4 Kf7 35. Qh5 Bd6 36. Qxh7 Qb5+ 37. Kb3 Qxd5+ 38. Kc2 Qe4+ 39. Kb3 Qd5+ 40. Kc2 Be5 41. Bd2 Qc4+ 42. Kd1 f4 43. g4 Qb3+ 44. Ke2 f3+ 45. Ke1 0-1

[Event "Cappelle Online Bullet op"]
[Site "Europe Echecs INT"]
[Date "2021.03.05"]
[Round "13"]
[White "Hille, Willian Henrique"]
[Black "Edouard, Romain"]
[Result "1-0"]
[WhiteElo "2018"]
[BlackElo "2614"]
[PlyCount "89"]
[EventDate "2021.03.05"]
[EventType "swiss (blitz)"]
[EventRounds "15"]
[EventCountry "FRA"]
[SourceTitle "EXT 2022"]
[Source "ChessBase"]
[SourceDate "2021.10.06"]
[SourceVersion "1"]
[SourceVersionDate "2021.10.06"]
[SourceQuality "1"]

1. f4 e5 2. fxe5 d6 3. e6 fxe6 4. d4 Nf6 5. Nf3 g6 6. Nc3 Bg7 7. e4 0-0 8. Bd3 Nc6 9. Be3 e5 10. d5 Ne7 11. h3 Nh5 12. Qd2 Nf4 13. 0-0-0 a6 14. Kb1 b5 15. a3 Rb8 16. Rhg1 Bd7 17. Ne2 Nxh3 18. Rh1 Nf4 19. Nxf4 exf4 20. Bxf4 b4 21. axb4 a5 22. Bh6 Bh8 23. Bxf8 Qxf8 24. Rh2 Rxb4 25. c3 Rb7 26. Rdh1 h5 27. Ng5 Be5 28. Rh4 Qf6 29. Kc2 Bg3 30. Nf3 Bg4 31. Rxg4 hxg4 32. Nd4 Bf4 33. Qf2 Be5 34. Qxf6 Bxf6 35. Ne6 Be5 36. Be2 g3 37. Bg4 g5 38. Nxg5 Ng6 39. Be6+ Kg7 40. Nh3 Nh4 41. Rg1 Rb8 42. Bf5 Rf8 43. Ng5 Nxf5 44. Ne6+ Kf6 45. exf5 1-0

[Event "Cappelle Online Bullet op"]
[Site "Europe Echecs INT"]
[Date "2021.03.05"]
[Round "11"]
[White "Hille, Willian Henrique"]
[Black "Flom, Gabriel"]
[Result "0-1"]
[WhiteElo "2018"]
[BlackElo "2474"]
[PlyCount "140"]
[EventDate "2021.03.05"]
[EventType "swiss (blitz)"]
[EventRounds "15"]
[EventCountry "FRA"]
[SourceTitle "EXT 2022"]
[Source "ChessBase"]
[SourceDate "2021.10.06"]
[SourceVersion "1"]
[SourceVersionDate "2021.10.06"]
[SourceQuality "1"]

1. f4 e6 2. Nf3 c5 3. g3 b6 4. Bg2 Bb7 5. 0-0 d6 6. d3 Nd7 7. Nc3 Qc7 8. e4 a6 9. h3 Ne7 10. a4 h5 11. Be3 h4 12. Nxh4 Rxh4 13. gxh4 g6 14. f5 gxf5 15. exf5 Bxg2 16. Kxg2 Nxf5 17. Bf2 Bg7 18. Qf3 0-0-0 19. Qa8+ Nb8 20. Qf3 Bd4 21. Kh1 Bxf2 22. Rxf2 Rh8 23. Rg1 Rxh4 24. Rg8+ Kd7 25. Ne4 Ke7 26. Ng5 Nd7 27. Ne4 Ne5 28. Qg2 Rh5 29. Ng3 Nxg3+ 30. Qxg3 Qc6+ 31. Kh2 Qd5 32. b3 Qd4 33. Rg2 Qh4 34. Qxh4+ Rxh4 35. Rf2 Rh7 36. Rg3 d5 37. Kg2 Nc6 38. Rg8 Nd4 39. Kf1 b5 40. Rg3 b4 41. a5 Nb5 42. h4 Nd4 43. Kg2 Rxh4 44. Rh3 Rxh3 45. Kxh3 f5 46. Kg2 Kd6 47. Kf1 Ke5 48. Rh2 f4 49. Ke1 Kf5 50. Kd2 e5 51. Rh1 e4 52. Kd1 e3 53. Ke1 f3 54. Kd1 Kf4 55. c3 bxc3 56. Rh4+ Kg3 57. Rxd4 c2+ 58. Kxc2 cxd4 59. b4 f2 60. b5 f1Q 61. bxa6 Qe2+ 62. Kb3 Qxd3+ 63. Ka4 Qxa6 64. Kb4 e2 65. Kc5 d3 66. Kxd5 d2 67. Kc5 d1Q 68. Kb4 Qad3 69. a6 Q1b3+ 70. Ka5 Qdb5# 0-1

[Event "Cappelle Online Bullet op"]
[Site "Europe Echecs INT"]
[Date "2021.03.05"]
[Round "8"]
[White "Hille, Willian Henrique"]
[Black "Viani, Antonio Dcunha"]
[Result "1-0"]
[WhiteElo "2018"]
[BlackElo "2397"]
[PlyCount "95"]
[EventDate "2021.03.05"]
[EventType "swiss (blitz)"]
[EventRounds "15"]
[EventCountry "FRA"]
[SourceTitle "EXT 2022"]
[Source "ChessBase"]
[SourceDate "2021.10.06"]
[SourceVersion "1"]
[SourceVersionDate "2021.10.06"]
[SourceQuality "1"]

1. f4 d6 2. Nf3 Nc6 3. Nc3 e5 4. fxe5 dxe5 5. e4 Nf6 6. Bc4 Bc5 7. d3 0-0 8. Bg5 h6 9. Bxf6 Qxf6 10. Qe2 Bg4 11. Nd5 Qd6 12. c3 Na5 13. Bb3 Nxb3 14. axb3 c6 15. Ne3 Be6 16. b4 Bxe3 17. Qxe3 f5 18. exf5 Bxf5 19. 0-0 Bxd3 20. Rad1 Rad8 21. Rfe1 e4 22. Nd4 Qf6 23. h3 b6 24. Nb3 Qf7 25. Nd2 Bc2 26. Rc1 Bd3 27. Nxe4 Rfe8 28. Qf3 Qxf3 29. gxf3 Bxe4 30. fxe4 Kf7 31. Rc2 Ke6 32. Rg2 g5 33. h4 Rg8 34. hxg5 Rxg5 35. Rxg5 hxg5 36. Kf2 Ke5 37. Ke3 Rf8 38. Rg1 Rg8 39. Rf1 g4 40. Rf5+ Ke6 41. Rf1 g3 42. Rg1 g2 43. Kf3 Ke5 44. b3 Rf8+ 45. Ke3 Rg8 46. c4 Rg3+ 47. Ke2 Kf4 48. Rxg2 1-0

[Event "Cappelle Online Bullet op"]
[Site "Europe Echecs INT"]
[Date "2021.03.05"]
[Round "14"]
[White "Maghsoodloo, Parham"]
[Black "Hille, Willian Henrique"]
[Result "1-0"]
[WhiteElo "2676"]
[BlackElo "2018"]
[PlyCount "83"]
[EventDate "2021.03.05"]
[EventType "swiss (blitz)"]
[EventRounds "15"]
[EventCountry "FRA"]
[SourceTitle "EXT 2022"]
[Source "ChessBase"]
[SourceDate "2021.10.06"]
[SourceVersion "1"]
[SourceVersionDate "2021.10.06"]
[SourceQuality "1"]

1. d4 f5 2. Nf3 Nf6 3. c4 g6 4. b3 Bg7 5. Bb2 d6 6. g3 0-0 7. Bg2 Nc6 8. 0-0 Qe8 9. d5 Nb4 10. a3 Na6 11. b4 c6 12. dxc6 bxc6 13. Nd4 Bd7 14. b5 Nb8 15. a4 a6 16. b6 e5 17. Nb3 Qe7 18. Ba3 Ne8 19. a5 e4 20. Ra2 c5 21. Rd2 Nc6 22. Qc1 Ne5 23. Rfd1 Be6 24. Rc2 Rb8 25. f3 exf3 26. exf3 f4 27. gxf4 Nc6 28. Re1 Qd7 29. N1d2 Nd4 30. Nxd4 Bxd4+ 31. Kh1 Bh3 32. Ne4 Bxg2+ 33. Rxg2 Nf6 34. Bb2 Nh5 35. Bxd4 cxd4 36. Rg4 Rf5 37. Qd2 Qg7 38. Nxd6 Rf6 39. c5 Rbf8 40. f5 Kh8 41. Qxd4 Rxf5 42. Nxf5 1-0

[Event "Ville d'Orsay online Blitz"]
[Site "Europe Echecs INT"]
[Date "2021.02.07"]
[Round "10"]
[White "Hille, Willian Henrique"]
[Black "Bulmaga, Irina"]
[Result "1-0"]
[WhiteElo "2018"]
[BlackElo "2440"]
[PlyCount "141"]
[EventDate "2021.02.07"]
[EventType "swiss (blitz)"]
[EventRounds "11"]
[EventCountry "FRA"]
[SourceTitle "CBM 200 Extra"]
[Source "ChessBase"]
[SourceDate "2021.03.31"]
[SourceVersion "1"]
[SourceVersionDate "2021.03.31"]
[SourceQuality "1"]

1. f4 d5 2. Nf3 c5 3. g3 Nc6 4. Bg2 g6 5. 0-0 Bg7 6. d3 Nf6 7. c3 d4 8. e4 dxe3 9. Bxe3 Bf5 10. Bxc5 Bxd3 11. Re1 0-0 12. h3 Ne4 13. Rxe4 Bxe4 14. Qe2 Bd5 15. Na3 Qa5 16. Bf2 Rfe8 17. c4 Bxf3 18. Bxf3 e5 19. f5 gxf5 20. Bd5 e4 21. Nb5 Qd8 22. Rd1 Qe7 23. Nd6 Ne5 24. Nxf5 Nf3+ 25. Kh1 Qg5 26. g4 Rad8 27. Bxa7 Nh4 28. Be3 Nxf5 29. gxf5 Qxf5 30. Qg2 Qf3 31. Rf1 Qxg2+ 32. Kxg2 Rd7 33. b3 Bc3 34. h4 Kg7 35. Kh3 Ra8 36. Rg1+ Kf8 37. Bc5+ Re7 38. a4 Rc8 39. Bxe7+ Kxe7 40. Bxe4 b6 41. Rg3 Bb4 42. Bxh7 Ke6 43. Rf3 Rh8 44. Re3+ Kd6 45. Bf5 Bc5 46. Re2 Bb4 47. Bg4 Kc5 48. Rf2 Rh7 49. h5 Kd4 50. Rf5 Kc3 51. Rb5 Kxb3 52. Rxb6 Kxa4 53. Rb7 Ba3 54. Bd1+ Ka5 55. Ra7+ Kb4 56. Ra4+ Kc5 57. Rxa3 Kxc4 58. Kg4 f6 59. Kf5 Rh6 60. Rg3 Kd5 61. Rg6 Rh8 62. Bf3+ Kd6 63. Rxf6+ Ke7 64. Rg6 Kf8 65. h6 Rg8 66. Rf6+ Ke7 67. h7 Rh8 68. Ra6 Kf7 69. Ra7+ Kf8 70. Kg6 Rxh7 71. Rxh7 1-0

[Event "Ville d'Orsay online Blitz"]
[Site "Europe Echecs INT"]
[Date "2021.02.07"]
[Round "2"]
[White "Solodovnichenko, Yuri"]
[Black "Hille, Willian Henrique"]
[Result "1-0"]
[WhiteElo "2546"]
[BlackElo "2018"]
[PlyCount "67"]
[EventDate "2021.02.07"]
[EventType "swiss (blitz)"]
[EventRounds "11"]
[EventCountry "FRA"]
[SourceTitle "CBM 200 Extra"]
[Source "ChessBase"]
[SourceDate "2021.03.31"]
[SourceVersion "1"]
[SourceVersionDate "2021.03.31"]
[SourceQuality "1"]

1. e4 c6 2. Nf3 d5 3. Nc3 dxe4 4. Nxe4 Nd7 5. Bc4 Ngf6 6. Qe2 Nxe4 7. Qxe4 Nf6 8. Ne5 e6 9. Qe2 Bd6 10. d4 h6 11. Bd2 Qc7 12. 0-0-0 b5 13. Bd3 a6 14. f4 Bb7 15. f5 0-0-0 16. fxe6 fxe6 17. Rhe1 Rhe8 18. Kb1 Kb8 19. Bg6 Re7 20. Bf4 Nd5 21. Bg3 Ka8 22. Rf1 Rc8 23. a3 c5 24. dxc5 Qxc5 25. Nd3 Qb6 26. Bxd6 Qxd6 27. Ne5 Rec7 28. Rfe1 b4 29. a4 Rxc2 30. Bxc2 Qb6 31. Bb3 Rf8 32. Nd7 Qf2 33. Nxf8 Qxf8 34. Qxe6 1-0

[Event "Florianopolis op 7th"]
[Site "Florianopolis"]
[Date "2021.01.23"]
[Round "9"]
[White "Hille, Willian Henrique"]
[Black "Souza, Ramon Santana De"]
[Result "1-0"]
[WhiteElo "1984"]
[BlackElo "1652"]
[PlyCount "89"]
[EventDate "2021.01.18"]
[EventType "swiss"]
[EventRounds "10"]
[EventCountry "BRA"]
[SourceTitle "CBM 200 Extra"]
[Source "ChessBase"]
[SourceDate "2021.03.31"]
[SourceVersion "1"]
[SourceVersionDate "2021.03.31"]
[SourceQuality "1"]

1. f4 d5 2. Nf3 c5 3. g3 g6 4. Bg2 Bg7 5. d3 Nh6 6. 0-0 d4 7. c3 Nc6 8. e4 dxe3 9. Bxe3 Qa5 10. h3 Nf5 11. Bf2 0-0 12. Nbd2 Nd6 13. Nb3 Qc7 14. Nxc5 Rd8 15. d4 b6 16. Nd3 Ba6 17. Re1 Rac8 18. Nfe5 Nxe5 19. fxe5 Nc4 20. Qa4 Na5 21. Qc2 Bxd3 22. Qxd3 Bxe5 23. h4 Bf6 24. Qf3 Nc4 25. Re2 Kg7 26. g4 h6 27. Bg3 Qd7 28. Rf1 Qe8 29. Qf4 g5 30. hxg5 hxg5 31. Qf5 Qd7 32. Qf3 Rf8 33. b3 Na3 34. Be5 Bxe5 35. Rxe5 f6 36. Rf5 Qc7 37. Re1 Rfe8 38. Rf1 Rf8 39. Re1 Rfe8 40. Qe3 Nc2 41. Rxg5+ fxg5 42. Qxg5+ Kh8 43. Re6 Qd6 44. Rh6+ Qxh6 45. Qxh6+ 1-0

[Event "Florianopolis op 7th"]
[Site "Florianopolis"]
[Date "2021.01.22"]
[Round "7"]
[White "Hille, Willian Henrique"]
[Black "Labussiere, Victor"]
[Result "0-1"]
[WhiteElo "1984"]
[BlackElo "2332"]
[PlyCount "160"]
[EventDate "2021.01.18"]
[EventType "swiss"]
[EventRounds "10"]
[EventCountry "BRA"]
[SourceTitle "CBM 200 Extra"]
[Source "ChessBase"]
[SourceDate "2021.03.31"]
[SourceVersion "1"]
[SourceVersionDate "2021.03.31"]
[SourceQuality "1"]

1. f4 d5 2. Nf3 Nf6 3. g3 g6 4. Bg2 Bg7 5. d3 c5 6. 0-0 Nc6 7. c3 0-0 8. Qc2 Re8 9. e4 dxe4 10. dxe4 e5 11. fxe5 Ng4 12. Bg5 Qb6 13. Na3 Ngxe5 14. Nxe5 Nxe5 15. Kh1 h6 16. Be3 Be6 17. h3 Rad8 18. g4 Nd3 19. b3 Qa6 20. Nb1 Nb4 21. Qf2 Qd3 22. Rc1 Bd5 23. Nd2 Nc2 24. Rxc2 Qxc2 25. exd5 Rxe3 26. Qxe3 Bxc3 27. Qe7 Rf8 28. Qxc5 Qxd2 29. Rf1 Be5 30. Qxa7 Qc3 31. Qf2 Bd6 32. Re1 Rc8 33. Bf3 Qf6 34. Rf1 Qe5 35. Qg2 Rc3 36. h4 Rd3 37. h5 Qg5 38. Qh3 Rd2 39. Bg2 Rxa2 40. hxg6 Qxg6 41. Qh5 Qxh5+ 42. gxh5 Kg7 43. Rf3 Re2 44. Kg1 Re5 45. Rh3 Rg5 46. Kf2 f5 47. Bf3 Kf6 48. Ke3 Ke5 49. Rh2 Rg1 50. Rh1 Rg8 51. Rc1 Ra8 52. Re1 Bb4 53. Rc1 Ra2 54. Rd1 Rb2 55. d6 Bc5+ 56. Kd3 Bxd6 57. Kc3 Rh2 58. Bxb7 Rh3+ 59. Kc4 Rh4+ 60. Kb5 Rb4+ 61. Kc6 Be7 62. Bc8 f4 63. Rd5+ Ke4 64. Bf5+ Kf3 65. Re5 Bf6 66. Re6 Bg5 67. Bc2 Kg3 68. Kc5 Rb8 69. b4 f3 70. Bd3 Ra8 71. Ba6 f2 72. Rc6 Rf8 73. Bc4 f1Q 74. Bxf1 Rxf1 75. b5 Rc1+ 76. Kd6 Rb1 77. b6 Kg4 78. Kc7 Kxh5 79. b7 Bf4+ 80. Kc8 Kg4 0-1

[Event "Florianopolis op 7th"]
[Site "Florianopolis"]
[Date "2021.01.20"]
[Round "4"]
[White "Hille, Willian Henrique"]
[Black "Rodi, Luis Ernesto"]
[Result "0-1"]
[WhiteElo "1984"]
[BlackElo "2334"]
[PlyCount "42"]
[EventDate "2021.01.18"]
[EventType "swiss"]
[EventRounds "10"]
[EventCountry "BRA"]
[SourceTitle "CBM 200 Extra"]
[Source "ChessBase"]
[SourceDate "2021.03.31"]
[SourceVersion "1"]
[SourceVersionDate "2021.03.31"]
[SourceQuality "1"]

1. f4 d5 2. Nf3 g6 3. g3 Bg7 4. Bg2 Nf6 5. e3 c5 6. d3 0-0 7. 0-0 Nc6 8. c4 d4 9. a4 dxe3 10. Bxe3 Qd6 11. Na3 Bf5 12. Nb5 Qxd3 13. Bxc5 Qxc4 14. Bd4 Nxd4 15. Qxd4 Qb3 16. Qf2 Qc4 17. Ne5 Qc8 18. Nxa7 Qb8 19. Nb5 Ra6 20. Rfe1 Qc8 21. b3 Be6 0-1

[Event "Cappelle Online Blitz op 1st"]
[Site "Europe Echecs INT"]
[Date "2021.01.10"]
[Round "6"]
[White "Hille, Willian Henrique"]
[Black "Maisuradze, Nino"]
[Result "1-0"]
[WhiteElo "1984"]
[BlackElo "2251"]
[PlyCount "69"]
[EventDate "2021.01.10"]
[EventType "swiss (blitz)"]
[EventRounds "11"]
[EventCountry "FRA"]
[SourceTitle "CBM 200 Extra"]
[Source "ChessBase"]
[SourceDate "2021.03.31"]
[SourceVersion "1"]
[SourceVersionDate "2021.03.31"]
[SourceQuality "1"]

1. f4 d5 2. Nf3 c6 3. g3 Bg4 4. Bg2 Nd7 5. d3 Ngf6 6. 0-0 Bxf3 7. Bxf3 e5 8. e4 dxe4 9. dxe4 Bc5+ 10. Kh1 0-0 11. Qe2 exf4 12. gxf4 Re8 13. e5 Nd5 14. c4 Nc7 15. Qg2 Qh4 16. Nc3 Rad8 17. Ne4 Bf8 18. Be3 Ne6 19. Bg4 Kh8 20. Rf3 h6 21. Rh3 Qe7 22. Nd6 Nxf4 23. Bxf4 Nxe5 24. Nxe8 Nxg4 25. Qxg4 Qe4+ 26. Qf3 Rxe8 27. Qxe4 Rxe4 28. Rf3 Rxc4 29. Rd1 Be7 30. Be5 f6 31. Bc3 b6 32. Rd7 Re4 33. Rf1 a5 34. Re1 Rxe1+ 35. Bxe1 1-0

[Event "Cappelle Online Blitz op 1st"]
[Site "Europe Echecs INT"]
[Date "2021.01.10"]
[Round "2"]
[White "Hille, Willian Henrique"]
[Black "Vlachos, Anatole"]
[Result "0-1"]
[WhiteElo "1984"]
[BlackElo "2413"]
[PlyCount "162"]
[EventDate "2021.01.10"]
[EventType "swiss (blitz)"]
[EventRounds "11"]
[EventCountry "FRA"]
[SourceTitle "CBM 200 Extra"]
[Source "ChessBase"]
[SourceDate "2021.03.31"]
[SourceVersion "1"]
[SourceVersionDate "2021.03.31"]
[SourceQuality "1"]

1. f4 e5 2. fxe5 d6 3. e6 Bxe6 4. d4 d5 5. Nf3 Nf6 6. g3 c5 7. Bg2 Nc6 8. e3 Be7 9. 0-0 0-0 10. b3 Ne4 11. Bb2 Bf6 12. c3 Rc8 13. Nbd2 cxd4 14. exd4 b5 15. Nxe4 dxe4 16. Nd2 e3 17. Ne4 Bg5 18. Nxg5 Qxg5 19. Qd3 Bg4 20. Rae1 e2 21. Rf4 Rfe8 22. Bc1 Qh5 23. h3 Bxh3 24. Rh4 Bf5 25. Qxb5 Qg6 26. Kh2 h6 27. Rxe2 Rxe2 28. Qxe2 Nd8 29. c4 Ne6 30. Bb2 Ng5 31. d5 f6 32. Qf2 Re8 33. d6 Bd3 34. d7 Rd8 35. Qd4 Bf5 36. Bc6 Rxd7 37. Qf2 Re7 38. Bd5+ Kh7 39. Ba3 Re8 40. Rf4 Bd3 41. Bf3 Nxf3+ 42. Qxf3 Re2+ 43. Kg1 Rxa2 44. Bc1 Ra1 45. Qe3 h5 46. Kf2 Ra2+ 47. Bd2 Rc2 48. Rh4 Bf5 49. Ke1 Bg4 50. Rh2 Ra2 51. Qd4 Qb1+ 52. Kf2 Qd1 53. Qd3+ f5 54. Rxh5+ Bxh5 55. Qxf5+ Bg6 56. Qh3+ Qh5 57. Qxh5+ Bxh5 58. Ke3 Rb2 59. b4 Rb3+ 60. Kd4 Rxg3 61. c5 Bf3 62. b5 Rg6 63. Bf4 a6 64. b6 Bc6 65. Bd2 Re6 66. Kc4 Kg6 67. Kb4 Kf5 68. Ka5 Bb7 69. Bc3 g5 70. c6 Rxc6 71. Bd2 g4 72. Be1 Ke4 73. Bf2 Kd3 74. Kb4 a5+ 75. Kxa5 Kc4 76. Bg1 Re6 77. Ka4 Re1 78. Bd4 Kxd4 79. Kb5 g3 80. Ka5 Kc4 81. Ka4 Ra1# 0-1

[Event "Sao Bento do Sul op 07"]
[Site "Sao Bento do Sul"]
[Date "2019.07.14"]
[Round "6"]
[White "Dos Santos, Lucas Aparecido"]
[Black "Hille, Willian Henrique"]
[Result "1/2-1/2"]
[WhiteElo "2015"]
[BlackElo "2021"]
[PlyCount "64"]
[EventDate "2019.07.12"]
[EventType "swiss"]
[EventRounds "7"]
[EventCountry "BRA"]
[SourceTitle "CBM 195 Extra"]
[Source "ChessBase"]
[SourceDate "2020.05.31"]
[SourceVersion "1"]
[SourceVersionDate "2020.05.31"]
[SourceQuality "1"]

1. e4 Nc6 2. Nf3 d5 3. e5 Bg4 4. d4 Bxf3 5. gxf3 e6 6. Be3 Nh6 7. Bd3 Qh4 8. c3 Qh3 9. Nd2 Nf5 10. Qe2 Nxe3 11. fxe3 g6 12. 0-0-0 Qh5 13. Rdg1 Bh6 14. Nf1 Qh4 15. Rg4 Qe7 16. h4 0-0-0 17. h5 Bg7 18. f4 Rhg8 19. hxg6 hxg6 20. Rh7 Na5 21. Nd2 c5 22. Nf3 c4 23. Bc2 b5 24. Qg2 b4 25. Bxg6 fxg6 26. Rxg6 bxc3 27. Rgxg7 cxb2+ 28. Kb1 c3 29. Rxe7 Rxg2 30. Rxa7 c2+ 31. Kxb2 Nc4+ 32. Kc1 Kb8 1/2-1/2

[Event "Sao Bento do Sul op 05"]
[Site "Sao Bento do Sul"]
[Date "2019.05.18"]
[Round "5"]
[White "Hille, Willian Henrique"]
[Black "Da Silva Junior, Marco Aurelio"]
[Result "1/2-1/2"]
[WhiteElo "2012"]
[BlackElo "1638"]
[PlyCount "150"]
[EventDate "2019.05.17"]
[EventType "swiss"]
[EventRounds "7"]
[EventCountry "BRA"]
[SourceTitle "CBM 195 Extra"]
[Source "ChessBase"]
[SourceDate "2020.05.31"]
[SourceVersion "1"]
[SourceVersionDate "2020.05.31"]
[SourceQuality "1"]

1. d4 d5 2. c4 e6 3. Nc3 Nf6 4. cxd5 exd5 5. Bg5 Be7 6. e3 c6 7. Bd3 0-0 8. Qc2 h6 9. h4 Nbd7 10. Nf3 Re8 11. Bf4 Nf8 12. 0-0-0 Ne6 13. Be5 Bd6 14. Rdg1 Ng4 15. Bxd6 Qxd6 16. Bf5 Nf8 17. Bxg4 Bxg4 18. Ne5 Bh5 19. g4 Bg6 20. Nxg6 Qxg6 21. Qd2 Qe6 22. Ne2 Rac8 23. g5 c5 24. Kb1 Qf5+ 25. Ka1 Qxf2 26. gxh6 g6 27. Rg3 Kh7 28. h5 c4 29. hxg6+ fxg6 30. Rhg1 Re6 31. Qb4 b6 32. Qa4 Rc7 33. Qb4 Rf7 34. Qe1 Qxe1+ 35. Rxe1 Rf5 36. Nc3 a6 37. a4 Nd7 38. e4 dxe4 39. d5 Rd6 40. Rxe4 Nc5 41. Re7+ Kxh6 42. Ka2 Rh5 43. Rg4 b5 44. axb5 axb5 45. Nxb5 Ra6+ 46. Na3 Rxd5 47. Rh4+ Rh5 48. Rxc4 Nd3 49. Re3 Ne5 50. Rc8 Rf5 51. Rh3+ Kg5 52. Rc2 Kf6 53. b4 Nc6 54. Rb2 Nd4 55. Rd2 Nb5 56. Kb2 Nxa3 57. Rxa3 Rb6 58. Rd4 g5 59. Ra8 Ke5 60. Rc4 Rf2+ 61. Kb3 Rf4 62. Re8+ Kf6 63. Rf8+ Ke5 64. Rc5+ Ke4 65. Rg8 Kf3 66. b5 g4 67. Kc3 Kf2 68. Rcg5 g3 69. Kd3 Rb4 70. Rf5+ Kg2 71. Rgg5 Kh3 72. Kc3 R4xb5 73. Rh5+ Kg4 74. Rxb5 Rxb5 75. Rxb5 g2 1/2-1/2

[Event "Florianopolis blitz op 5th"]
[Site "Florianopolis"]
[Date "2019.01.23"]
[Round "3"]
[White "Hille, Willian Henrique"]
[Black "Quintiliano Pinto, Renato Rodrigues"]
[Result "1/2-1/2"]
[WhiteElo "2042"]
[BlackElo "2457"]
[PlyCount "71"]
[EventDate "2019.01.23"]
[EventType "swiss (blitz)"]
[EventRounds "11"]
[EventCountry "BRA"]
[SourceTitle "CBM 188 Extra"]
[Source "ChessBase"]
[SourceDate "2019.02.26"]
[SourceVersion "1"]
[SourceVersionDate "2019.02.26"]
[SourceQuality "1"]

1. f4 d5 2. Nf3 Nf6 3. g3 g6 4. Bg2 Bg7 5. d3 0-0 6. 0-0 Nc6 7. Qe1 Qd6 8. c3 e5 9. fxe5 Nxe5 10. Nxe5 Qxe5 11. Bf4 Qe7 12. Nd2 Nh5 13. Qf2 Nxf4 14. gxf4 c6 15. e4 dxe4 16. dxe4 f5 17. e5 Rd8 18. Nf3 Be6 19. Nd4 Bc4 20. Rfe1 c5 21. Nc2 Bd5 22. Ne3 Bxg2 23. Qxg2 c4 24. Rad1 Rxd1 25. Rxd1 Rc8 26. Qd5+ Kh8 27. Nxc4 Qh4 28. Nd6 Qg4+ 29. Kh1 Rf8 30. Rf1 Qe2 31. Qg2 Qd3 32. Rf3 Qd1+ 33. Rf1 Qd3 34. Rf3 Qd1+ 35. Rf1 Qd3 36. Rd1 1/2-1/2